[Event "SVK-chT2D 2122"]
[Site "Slovakia"]
[Date "2021.10.16"]
[Round "1.6"]
[White "Belus, Benjamin"]
[Black "Simko, Ladislav"]
[Result "1-0"]
[WhiteElo "1924"]
[BlackElo "1387"]
[PlyCount "79"]
[EventDate "2021.10.16"]
[EventType "team-tourn"]
[EventRounds "11"]
[EventCountry "SVK"]
[SourceTitle "EXT 2023"]
[Source "ChessBase"]
[SourceDate "2022.10.05"]
[SourceVersion "1"]
[SourceVersionDate "2022.10.05"]
[SourceQuality "1"]
[WhiteTeam "Kezmarok"]
[BlackTeam "Moldava nad Bodvou"]
[WhiteTeamCountry "SVK"]
[BlackTeamCountry "SVK"]

1. c4 e6 2. g3 d5 3. Bg2 Nf6 4. d4 Nbd7 5. Nc3 Nb6 6. cxd5 Nbxd5 7. Nxd5 Nxd5 8. e4 Nf6 9. Ne2 Bb4+ 10. Bd2 Bxd2+ 11. Qxd2 0-0 12. d5 exd5 13. exd5 Re8 14. Rd1 Bg4 15. f3 Bh5 16. h4 Bg6 17. g4 h6 18. g5 hxg5 19. hxg5 Nh7 20. f4 f6 21. gxf6 Qxf6 22. 0-0 Rad8 23. Nc3 Rd7 24. Qf2 Red8 25. Qxa7 Bh5 26. Rde1 b6 27. Qa4 Be8 28. Rxe8+ Nf8 29. Rxd8 Rxd8 30. f5 Qe5 31. Qf4 Qe7 32. f6 gxf6 33. Qxf6 Qc5+ 34. Rf2 Rd7 35. Ne4 Qc1+ 36. Bf1 Rg7+ 37. Kh2 Ng6 38. Ng5 Qc5 39. Qxg7+ Kxg7 40. Ne6+ 1-0

[Event "SVK-chT2D 14/15"]
[Site "Slovakia"]
[Date "2015.02.15"]
[Round "9.8"]
[White "Cisko, Miloslav1111"]
[Black "Simko, Ladislav"]
[Result "1/2-1/2"]
[WhiteElo "1615"]
[BlackElo "1128"]
[PlyCount "50"]
[EventDate "2014.10.11"]
[EventType "team-tourn"]
[EventRounds "11"]
[EventCountry "SVK"]
[SourceTitle "EXT 2019"]
[Source "ChessBase"]
[SourceDate "2018.10.10"]
[SourceVersion "1"]
[SourceVersionDate "2018.10.10"]
[SourceQuality "1"]
[WhiteTeam "Spisska Stara Ves"]
[BlackTeam "Moldava nad Bodvou"]
[WhiteTeamCountry "SVK"]
[BlackTeamCountry "SVK"]

1. e4 e6 2. d4 d5 3. e5 c5 4. dxc5 Bxc5 5. Qg4 g6 6. Nf3 Qb6 7. Qg3 Nc6 8. Nc3 Bb4 9. a3 Bxc3+ 10. bxc3 Nge7 11. Bd3 Bd7 12. 0-0 Nf5 13. Bxf5 gxf5 14. Be3 Qc7 15. Bc5 0-0-0 16. Bd6 Qa5 17. Nd4 Rhg8 18. Qd3 Nxd4 19. Qxd4 Rg4 20. Qc5+ Qxc5 21. Bxc5 b6 22. Bd6 Rdg8 23. g3 Rc4 24. Bb4 a5 25. Bd6 Rxc3 1/2-1/2